00795nam a22002177a 4500003000500000005001700005008004100022010000900063011000900072035000900081040000900090100003500099245017300134260004000307300002000347500001200367502009900379650002600478650003400504650003900538CHAP20220329133101.0971013s1990 r 00010 d a1952 a2924 a2124 cCHAP00aCruz García, Salvador de la. aEmigración y agricultura en los Altos de Jaliscob: el impacto socioeconómico de la migración a Estados Unidos en el Josefino de Allende, Jesús María, Jalisco aChapingo, Méx. :bEl Autor,c1990 a116 h.b: ilus. aD43-233 aTesis (Ing. Agr. Esp. en Economía Agrícola) -- UACH. Departamento de Economía Agrícola14aAgriculturaxJalisco.14aEmigración e inmigración.14aJaliscoxCondiciones económicas.